[Event "Manaus op 2nd"]
[Site "Manaus"]
[Date "2023.10.14"]
[Round "5"]
[White "Serafim Junior, Arnor"]
[Black "Leal, Allan Henrique Pere"]
[Result "1-0"]
[WhiteElo "1629"]
[BlackElo "1424"]
[PlyCount "69"]
[EventDate "2023.10.11"]
[EventType "swiss"]
[EventRounds "9"]
[EventCountry "BRA"]
[SourceTitle "Mega2024 Update 01"]
[Source "Chessbase"]
[SourceDate "2023.11.12"]
[SourceVersion "1"]
[SourceVersionDate "2023.11.12"]
[SourceQuality "1"]

1. c4 Nf6 2. g3 g6 3. Bg2 Bg7 4. Nc3 0-0 5. Nf3 d6 6. 0-0 e5 7. d3 c6 8. Rb1 a6 9. a4 Re8 10. Bg5 h6 11. Bxf6 Bxf6 12. Ne4 Bg7 13. c5 d5 14. Nd6 Re7 15. b4 Nd7 16. Qc2 f5 17. e4 fxe4 18. dxe4 d4 19. Bh3 Nb6 20. Qb3+ Kh7 21. Bxc8 Nxc8 22. Nc4 Qc7 23. Nh4 Rf7 24. Qd1 Ne7 25. Nd6 Rf6 26. Nf3 Nc8 27. Ne8 Qe7 28. Nxf6+ Bxf6 29. Qb3 Rb8 30. Qc4 Na7 31. Ne1 g5 32. Nc2 Rg8 33. Na3 Qe8 34. b5 Rg7 35. bxa6 1-0

[Event "Manaus op 2nd"]
[Site "Manaus"]
[Date "2023.10.11"]
[Round "1"]
[White "Bezerra, Fabiano de Oliveira"]
[Black "Leal, Allan Henrique Pere"]
[Result "1-0"]
[WhiteElo "1935"]
[BlackElo "1424"]
[PlyCount "59"]
[EventDate "2023.10.11"]
[EventType "swiss"]
[EventRounds "9"]
[EventCountry "BRA"]
[SourceTitle "Mega2024 Update 01"]
[Source "Chessbase"]
[SourceDate "2023.11.12"]
[SourceVersion "1"]
[SourceVersionDate "2023.11.12"]
[SourceQuality "1"]

1. e4 e6 2. d4 d5 3. exd5 exd5 4. Bd3 Bd6 5. Nf3 Ne7 6. Bg5 h6 7. Bh4 0-0 8. 0-0 c6 9. Re1 Re8 10. Nbd2 b5 11. c3 Qc7 12. Qc2 Be6 13. Re2 Nd7 14. Rae1 Nf8 15. Ne5 Bxe5 16. dxe5 g6 17. f4 Bf5 18. Bf2 h5 19. Nb3 Ne6 20. Bxf5 Nxf5 21. Qd2 c5 22. h3 c4 23. g4 hxg4 24. hxg4 Nfg7 25. Nd4 Nxd4 26. Bxd4 Qd7 27. Rg2 Ne6 28. f5 Nxd4 29. cxd4 Qe7 30. f6 1-0

[Event "Manaus Expert op"]
[Site "Manaus"]
[Date "2023.09.24"]
[Round "5"]
[White "Samuel, Mauricio Antonio So"]
[Black "Leal, Allan Henrique Pere"]
[Result "1-0"]
[WhiteElo "1621"]
[BlackElo "1415"]
[PlyCount "23"]
[EventDate "2023.09.22"]
[EventType "swiss"]
[EventRounds "5"]
[EventCountry "BRA"]
[SourceTitle "EXT 2024"]
[Source "ChessBase"]
[SourceDate "2023.10.10"]
[SourceVersion "1"]
[SourceVersionDate "2023.10.10"]
[SourceQuality "1"]

1. Nf3 e6 2. c4 Nf6 3. d4 Bb4+ 4. Bd2 Bxd2+ 5. Qxd2 d5 6. Nc3 0-0 7. e3 Re8 8. h3 c5 9. dxc5 Qa5 10. Ne4 Qxd2+ 11. Nexd2 Nfd7 12. Nb3 1-0